000 01579nam a22003737a 4500
001 17875018
003 LC
005 20161103141037.0
008 130904s2014 kyuab 001 0 eng
010 _a 2013427830
020 _a9780736297882
035 _a(OCoLC)ocn870970379
040 _aABC
_beng
_cABC
_erda
_dABC
_dYDXCP
_dBTCTA
_dOCLCA
_dDLC
042 _alccopycat
050 0 0 _aQC 903
_b.C4386 2014
082 0 0 _a363.738/74
245 0 0 _aClimate change /
_ccontent consultant, Andrew J. Milson, Ph.D., content consultant, University of Texas at Arlington.
246 1 _iAt head of title:
_aNational Geographic :
_bglobal issues
300 _a3 volumes :
_bcolor illustrations, color maps ;
_c25 cm.
490 0 _aGlobal issues
500 _aIncludes index.
500 _a"Three reading levels (on level, below level, and above level) to reach every student"--Publisher's Web site.
505 0 _a[Volume. 1]: grade 5 reading level (blue) -- [volume. 2]: grades 6-7 reading level (orange) -- [volume. 3]: grade 8 reading level (green).
650 0 _aClimatic changes
_vTextbooks.
650 0 _aClimatic changes
_xStudy and teaching (Middle school)
650 0 _aGlobal warming
_vTextbooks.
650 0 _aGlobal warming
_xStudy and teaching (Middle school)
700 1 _aMilson, Andrew J.,
_econsultant.
710 2 _aNational Geographic Learning (Firm)
906 _a7
_bcbc
_ccopycat
_d2
_encip
_f20
_gy-gencatlg
942 _2lcc
_cBK
999 _c305171
_d305171